000 00628nam a2200181Ia 4500
008 100920s9999 xx 000 0 und d
082 _b67519
_a891.461 थ 95
100 _aसंपा.-पटवर्धन मोरेश्वर.
245 _aविखुरलेली गाणी.
260 _bसाहित्य-प्रसार-केंद्र, मुंबई.
_c1995
300 _a112
_bसाधी
365 _b60
520 _aपदय.
630 _aविखुरलेली गाणी.
650 _aपदय.
730 _aविखुरलेली गाणी.
942 _cBOOK
999 _c709977
_d709974